000 01061cam a22003257a 4500
003 CHAP
005 20220329133625.0
008 971013d1983 it a r 00110 eng d
010 _a8715
011 _a9687
035 _a8922
040 _cCHAP
090 _aFolleto 7314 v.14
110 0 _aInternational Board for Plant Genetic Resources
_959561
245 1 0 _aDescriptors for Echinochloa millet
260 _aRome :
_bInternational Board for Plant Genetic Resources,
_c1983
300 _a17 p.
_b: ilus
590 _aBATCH-UPD
_b10
_c20130110
_lUCH01
_h1904
590 _aBATCH-UPD
_b10
_c20130410
_lUCH01
_h1231
590 _aBATCH-UPD
_b10
_c20130914
_lUCH01
_h1226
590 _aCONVERSION
_b10
_c20130109
_lUCH01
_h1306
650 1 4 _aEchinochloa millet.
_935090
650 1 4 _aPastos
_xGermoplasma.
_986041
650 1 4 _aRecursos genéticos.
_995078
901 _aBK
905 _aGuadalupe Pinto C.
942 _cFOLL
949 _aFolleto 7314 v.14
_bBC
_cFOLL
_d89221
_eTS1
_i8922
_mD
_si
949 _aFolleto 7314 v.14
_bBC
_cFOLL
_d89222
_eTS2
_fc.2
_i8922
_mD
_sb
999 _c8715
_d8715